00534 2200193 4500001002100000005001500021035002000036007000300056008004100059020002200100082000800122084001400130100001700144245005800161250001100219260004400230300003500274650003100309INLIS00000000000205120260228090432 a0010-0226000061ta260228 g 0 ind  a978-602-18635-4-1 a920 a920 CHR g0 aChris Oetoyo1 aGubrak! :b7 Manusia Pemicu Adrenalin /cChris Oetoyo aCet. 1 aJakarta :bUfuk Publishing House,c2012 a96 hlm. :bilus. ;c17 x 22 cm a7 Manusia Pemicu Adrenalin